000 00484nam a2200193Ia 4500
005 20230425211028.0
008 230125s9999 xx 000 0 und d
041 _aeng
082 _a332.1
_bVAZ
100 _aVaze A T
245 _aPragati question-answers : Co-operative banking
260 _c2003
_bPragati publications
_aPune
300 _a203p
500 _aBanking
650 _aBanking
_9119034
700 _aVaze A T & Pawar I D
942 _cBK
999 _c92390
_d92390